| 000 | 01224nam a2200241Ia 4500 | ||
|---|---|---|---|
| 003 | Ost | ||
| 005 | 20260507075211.0 | ||
| 008 | 260507s9999||||xx |||||||||||||| ||und|| | ||
| 020 | _a45052499579 | ||
| 040 | _cfsecg | ||
| 041 | _aara | ||
| 082 | _a330 | ||
| 100 |
_aحمود، خضير كاظم _eمؤلف |
||
| 245 | 0 |
_aالإتصال الفعال في إدارة الأعمال / _c خضير كاظم حمود |
|
| 260 |
_aعمان: _bدار صفاء, _c2009 |
||
| 300 |
_a279 صفحة؛ _bإيضاحات ؛ _c24 سم |
||
| 504 | _aمراجع ص.269 | ||
| 520 | _aمفهوم و طبيعة الاتصال ، ، شبكات الاتصال ،الاتصال بين الثقافات المختلفة ، فاعلية الاتصال بين الافراد ، مهارات الاستماع ، مهارات الكتابة و القراءة ، المقابلات الشخصية ، ادارة الاجتماعات ، ادارة المؤتمرات ، اعداد و تحليل التقارير الادارية و المالية ، تطور وسائل الاتصال | ||
| 653 | _aإدارة الأعمال | ||
| 653 | _aالاتصال الجماهيري | ||
| 653 | _aالاتصالات الادارية | ||
| 942 | _cكتاب | ||
| 999 |
_c43468 _d43468 |
||